<?xml version="1.0" encoding="UTF-8"?>
<record
    xmlns:xsi="http://www.w3.org/2001/XMLSchema-instance"
    xsi:schemaLocation="http://www.loc.gov/MARC21/slim http://www.loc.gov/standards/marcxml/schema/MARC21slim.xsd"
    xmlns="http://www.loc.gov/MARC21/slim">

  <leader>00836cam a22002294a 4500</leader>
  <controlfield tag="001">sa 68005907 </controlfield>
  <controlfield tag="003">DLC</controlfield>
  <controlfield tag="005">20260227112512.0</controlfield>
  <controlfield tag="008">831227s1967    ii       b    000 0 hino </controlfield>
  <datafield tag="010" ind1=" " ind2=" ">
    <subfield code="a">sa 68005907 </subfield>
  </datafield>
  <datafield tag="040" ind1=" " ind2=" ">
    <subfield code="a">DLC</subfield>
    <subfield code="c">DLC</subfield>
    <subfield code="d">DLC</subfield>
  </datafield>
  <datafield tag="041" ind1="0" ind2=" ">
    <subfield code="a">hin</subfield>
    <subfield code="a">bho</subfield>
  </datafield>
  <datafield tag="050" ind1="0" ind2="0">
    <subfield code="a">PK1826</subfield>
    <subfield code="b">.S54 1967</subfield>
  </datafield>
  <datafield tag="100" ind1="1" ind2=" ">
    <subfield code="a">Si&#x1E43;ha, &#x15A;ukadeva,</subfield>
    <subfield code="d">1933-2007.</subfield>
  </datafield>
  <datafield tag="245" ind1="1" ind2="0">
    <subfield code="a">Bhojapur&#x12B; aura Hind&#x12B; :</subfield>
    <subfield code="b">Maithil&#x12B;, Magah&#x12B;, Vajjik&#x101;, A&#x1E45;gik&#x101; aura Nep&#x101;l&#x12B; pari&#x15B;ish&#x1E6D;a p&#x16B;rvaka /</subfield>
    <subfield code="c">&#x15A;ukadeva Si&#x1E43;ha.</subfield>
  </datafield>
  <datafield tag="260" ind1=" " ind2=" ">
    <subfield code="a">Mujaphpharapura :</subfield>
    <subfield code="b">Bh&#x101;van&#x101; Prak&#x101;&#x15B;ana,</subfield>
    <subfield code="c">1967.</subfield>
  </datafield>
  <datafield tag="300" ind1=" " ind2=" ">
    <subfield code="a">1 v. (various pagings) ;</subfield>
    <subfield code="c">22 cm</subfield>
  </datafield>
  <datafield tag="546" ind1=" " ind2=" ">
    <subfield code="a">Hindi and Bhojpuri.</subfield>
  </datafield>
  <datafield tag="504" ind1=" " ind2=" ">
    <subfield code="a">Includes bibliographical references (p. [1] (last group).</subfield>
  </datafield>
  <datafield tag="650" ind1=" " ind2="0">
    <subfield code="a">Bhojpuri language</subfield>
    <subfield code="x">Grammar, Comparative</subfield>
    <subfield code="x">Hindi.</subfield>
  </datafield>
  <datafield tag="650" ind1=" " ind2="0">
    <subfield code="a">Hindi language</subfield>
    <subfield code="x">Grammar, Comparative</subfield>
    <subfield code="x">Bhojpuri.</subfield>
  </datafield>
  <datafield tag="999" ind1=" " ind2=" ">
    <subfield code="c">80995</subfield>
    <subfield code="d">80995</subfield>
  </datafield>
</record>
